| 000 | 00478nam a22001937a 4500 | ||
|---|---|---|---|
| 003 | CEME | ||
| 005 | 20210628205939.0 | ||
| 008 | 210209b xxu||||| |||| 00| 0 eng d | ||
| 020 | _a81-7635-259-4 | ||
| 040 | _c. | ||
| 082 | _a004.67 GRA | ||
| 100 |
_aGralla, Preston _977601 |
||
| 245 | _aHow the internet works | ||
| 250 | _a4TH | ||
| 260 |
_aNEW DELHI _bTECHMEDIA _c1999 |
||
| 300 | _a322P | ||
| 650 |
_aMULTIMEDIA ON INTERNET INTERNET TOOLS _977602 |
||
| 942 |
_cBK _2ddc |
||
| 999 |
_c582851 _d582851 |
||